|
|
|
|
| LEADER |
01391nam a2200373 a 4500 |
| 001 |
EBC3058885 |
| 003 |
MiAaPQ |
| 005 |
20200520144314.0 |
| 006 |
m o d | |
| 007 |
cr cn||||||||| |
| 008 |
120925s2013 enka sb 001 0 eng d |
| 010 |
|
|
|z 2012950202
|
| 020 |
|
|
|z 9781848214408
|
| 020 |
|
|
|a 9781118580134 (electronic bk.)
|
| 035 |
|
|
|a (MiAaPQ)EBC3058885
|
| 035 |
|
|
|a (Au-PeEL)EBL3058885
|
| 035 |
|
|
|a (CaPaEBR)ebr10658442
|
| 035 |
|
|
|a (CaONFJC)MIL449940
|
| 035 |
|
|
|a (OCoLC)860528082
|
| 040 |
|
|
|a MiAaPQ
|c MiAaPQ
|d MiAaPQ
|
| 050 |
|
4 |
|a TS156
|b .G76 2013
|
| 100 |
1 |
|
|a Grous, Ammar.
|
| 245 |
1 |
0 |
|a Analysis of reliability and quality control
|h [electronic resource] /
|c Ammar Grous.
|
| 260 |
|
|
|a London :
|b ISTE ;
|a Hoboken, N.J. :
|b Wiley,
|c 2013.
|
| 300 |
|
|
|a xii, 259 p. :
|b ill.
|
| 490 |
0 |
|
|a Fracture mechanics ;
|v 1
|
| 490 |
0 |
|
|a Mechanical engineering and solid mechanics series
|
| 504 |
|
|
|a Includes bibliographical references and index.
|
| 533 |
|
|
|a Electronic reproduction. Ann Arbor, MI : ProQuest, 2015. Available via World Wide Web. Access may be limited to ProQuest affiliated libraries.
|
| 650 |
|
0 |
|a Production management
|x Quality control.
|
| 650 |
|
0 |
|a Reliability (Engineering)
|
| 655 |
|
4 |
|a Electronic books.
|
| 710 |
2 |
|
|a ProQuest (Firm)
|
| 856 |
4 |
0 |
|u https://ebookcentral.proquest.com/lib/matrademy/detail.action?docID=3058885
|z Click to View
|